000 00925nam a22002537a 4500
005 20170123164157.0
010 _aA-844224
020 _c100.00
035 _aA-844224
037 _bCen Lib/Ret
040 _aDPL
_bPN
082 _a910 .4
_bਸਾਹਨੀ
100 _aਬਲਰਾਜ ਸਾਹਨੀ
_9138209
245 _aਮੇਰਾ ਰੂਸੀ ਸਫ਼ਰਨਾਮਾ /
_cਬਲਰਾਜ ਸਾਹਨੀ
246 _aMera rusi safarname /
_bby Balraj Sahani
260 _aਦਿੱਲੀ
_bਆਰਸੀ ਪਬਲਿਸ਼ਰਜ਼
_c1997
270 _aਚਾਂਚਨੀ ਚੈਕ
_bਦਿੱਲੀ
300 _a379p ;
_c20cm
650 _a ਭਾਰਤ ਨੂੰ -- ਵੇਰਵਾ ਅਤੇ ਯਾਤਰਾ
_9138210
650 _aਯਾਤਰਾ
_9138211
650 _aIndia -- Description and travel
_926587
650 _a travel
_925007
942 _2ddc
_cPN
_h910.4
_mਸਾਹਨੀ
999 _c110781
_d110781